000 00485nam a2200169Ia 4500
003 GCL
008 140319s9999 xx 000 0 ara d
040 _aGCL /
_cGCL
082 0 4 _aط
_b813.087
_bأ ن
100 1 _aايهاب عبدالسلام
245 1 0 _aالنمل وحبوب القمح /
_cايهاب عبدالسلام
490 _aاطفالنا
_v0
650 0 4 _aالقصص القصيرة
650 0 4 _aالاطفال
650 0 4 _aقصص الاطفال
942 _2ddc
_cBK
999 _c51422
_d51422